[Event "Chigorin Memorial 23rd"]
[Site "St Petersburg"]
[Date "2015.10.05"]
[Round "3"]
[White "Efimenko, Aleksandr"]
[Black "Zvereva, Svetlana"]
[Result "1-0"]
[WhiteElo "1871"]
[BlackElo "1545"]
[PlyCount "63"]
[EventDate "2015.10.03"]
[EventType "swiss"]
[EventRounds "9"]
[EventCountry "RUS"]
[SourceTitle "CBM 168 Extra"]
[Source "ChessBase"]
[SourceDate "2015.10.29"]
[SourceVersion "1"]
[SourceVersionDate "2015.10.29"]
[SourceQuality "1"]

1. e4 e5 2. Nf3 Nc6 3. Bb5 g6 4. 0-0 Bg7 5. c3 Nge7 6. d4 exd4 7. cxd4 0-0 8. Nc3 d5 9. e5 a6 10. Ba4 b5 11. Bc2 Bg4 12. Be3 f5 13. Qd2 Bxf3 14. gxf3 Qd7 15. Rfd1 Nd8 16. Bg5 c6 17. Bb3 Kh8 18. f4 Ne6 19. Bxe7 Qxe7 20. Nxd5 cxd5 21. Bxd5 Rad8 22. Bxe6 Qxe6 23. d5 Qe7 24. Rac1 Rc8 25. d6 Qd7 26. Qd5 Rfe8 27. e6 Rxe6 28. Rxc8+ Qxc8 29. d7 Qd8 30. Qxe6 Bf6 31. Qxf6+ Qxf6 32. d8Q+ 1-0